00670nam a2200181 a 450000100100000000500170001000800410002704000250006808200150009310000300010824500750013826000530021330000200026650000630028604900090034995201130035899900170047100002879720200930055138.0110412s1994 dr 000 0 spa d aDO-SdBNPbspacBNPHU axxxbH542v1 aHeredia, Natividad95577410aVista de ángulos diferentes "las tiras negras" /cNatividad Heredia. aSanto Domingo :bImpresora Soto Castillo,c1994. a41 p. ;c21 cm. aIncluye datos biográficos de la autora en la páginas 9 aBNPD 0010718PDaPDbPDcCTd2011-04-12iLF1l0oxxx H542vp28797-10r2020-06-25w2020-06-25yLFPDZNo se presta c28289d28289